[Event "POL-chT3 Kujawsko-Pomorskie 2223"]
[Site "Poland"]
[Date "2023.??.??"]
[Round "6.37"]
[White "Bozenda, Michal"]
[Black "Chudzik, Przemyslaw"]
[Result "1-0"]
[WhiteElo "1498"]
[BlackElo "1106"]
[PlyCount "115"]
[EventDate "2022.11.13"]
[EventType "team-swiss"]
[EventRounds "7"]
[EventCountry "POL"]
[SourceTitle "EXT 2024"]
[Source "ChessBase"]
[SourceDate "2023.10.10"]
[SourceVersion "1"]
[SourceVersionDate "2023.10.10"]
[SourceQuality "1"]

1. d4 d5 2. Bf4 c6 3. e3 Nf6 4. Nf3 e6 5. c3 Nbd7 6. Bd3 Qb6 7. Qc2 c5 8. Nbd2 Be7 9. 0-0 0-0 10. Rfe1 h6 11. Bf1 Nh5 12. Rad1 Nxf4 13. exf4 cxd4 14. Nxd4 Bf6 15. N2f3 a6 16. Re3 Qc7 17. g3 e5 18. fxe5 Nxe5 19. Nxe5 Bxe5 20. Nf3 Bf6 21. Rxd5 Be6 22. Rd2 Rad8 23. a3 Rxd2 24. Qxd2 Rd8 25. Rd3 Rc8 26. Qe3 Bc4 27. Rd1 Bb3 28. Re1 Ba4 29. Bg2 Bb5 30. Nd4 Bxd4 31. Qxd4 Rd8 32. Qb4 Rb8 33. Re7 Qd8 34. c4 Bxc4 35. Re1 b5 36. b3 Be6 37. Bf3 a5 38. Qc3 b4 39. axb4 Rxb4 40. Rd1 Qb6 41. Bd5 Bxd5 42. Qc8+ Kh7 43. Qf5+ Qg6 44. Qxd5 Qc2 45. Rd3 Qc1+ 46. Kg2 Qg5 47. Qf3 Qe7 48. Rd5 Qe6 49. Qd3+ Qe4+ 50. Qxe4+ Rxe4 51. Rxa5 Rb4 52. Ra3 Kg6 53. Kf3 Kg5 54. Ke3 Kg4 55. Ra4 Rxa4 56. bxa4 Kf5 57. a5 Ke6 58. a6 1-0

[Event "Poznan op-B 16th"]
[Site "Poznan"]
[Date "2007.07.26"]
[Round "6.33"]
[White "Chojnacki, Tomasz"]
[Black "Bozenda, Michal"]
[Result "1/2-1/2"]
[WhiteElo "1782"]
[BlackElo "1000"]
[PlyCount "81"]
[EventDate "2007.07.21"]
[EventType "swiss"]
[EventRounds "9"]
[EventCountry "POL"]
[SourceTitle "EXT 2023"]
[Source "ChessBase"]
[SourceDate "2022.10.05"]
[SourceVersion "1"]
[SourceVersionDate "2022.10.05"]
[SourceQuality "1"]

1. e4 c6 2. d4 d5 3. exd5 cxd5 4. c4 Nf6 5. Nc3 Nc6 6. Nf3 e6 7. cxd5 Nxd5 8. Bd3 g6 9. 0-0 Bg7 10. Re1 0-0 11. Nxd5 exd5 12. Be3 Qb6 13. Qa4 Bg4 14. Be2 Rfe8 15. Qb5 Qxb5 16. Bxb5 Bxf3 17. gxf3 a6 18. Bxc6 bxc6 19. Rec1 Rec8 20. Rc3 a5 21. Rac1 Ra6 22. Rc5 Kf8 23. b3 Ke7 24. Rxd5 Ke6 25. Rdc5 Kd6 26. d5 Bb2 27. Bf4+ Kd7 28. Rd1 Ke7 29. d6+ Kd7 30. Rc2 Bf6 31. Re2 Re8 32. Rde1 Rxe2 33. Rxe2 c5 34. Kf1 h5 35. h3 a4 36. bxa4 Rxa4 37. Bg3 Bg5 38. Re5 Bf4 39. Rd5 Bxg3 40. fxg3 Rxa2 41. Rxc5 1/2-1/2

[Event "Poznan op-B 16th"]
[Site "Poznan"]
[Date "2007.07.23"]
[Round "3.32"]
[White "Kuzma, Mateusz"]
[Black "Bozenda, Michal"]
[Result "1-0"]
[WhiteElo "1723"]
[BlackElo "1000"]
[PlyCount "42"]
[EventDate "2007.07.21"]
[EventType "swiss"]
[EventRounds "9"]
[EventCountry "POL"]
[SourceTitle "EXT 2023"]
[Source "ChessBase"]
[SourceDate "2022.10.05"]
[SourceVersion "1"]
[SourceVersionDate "2022.10.05"]
[SourceQuality "1"]

1. e4 c6 2. d4 d5 3. Nc3 dxe4 4. Nxe4 Bf5 5. Ng3 Bg6 6. Bc4 e6 7. Nf3 Nf6 8. Ne5 Bd6 9. Nxg6 hxg6 10. c3 Qc7 11. Qf3 Nbd7 12. h3 Nd5 13. Ne4 Be7 14. Bd2 N7f6 15. Nxf6+ Bxf6 16. 0-0-0 b5 17. Bb3 a5 18. Rhe1 0-0 19. g4 Qc8 20. g5 Be7 21. h4 f6 1-0